000 00479nam a2200145 a 4500
001 000016404
005 20200929164418.0
008 100304s1993 dr 001 0 spa d
040 _aDO-SdBNP
_bspa
_cBNPHU
082 _axxxxxx
_bxxxxx
245 0 3 _aLa obra de desarrollo turístico del presidente Balaguer.
260 _aSanto Domingo :
_bsecretaría de estado de turismo,
_c1993.
300 _a23 p. ;.
500 _aConferencia dictada por el Lc. Luis L. Taveras 16 de junio 1993
999 _c15939
_d15939